AEW Champions by Year - 2025 - Statistics

General Stats
  • This quiz has been taken 17 times
  • The average score is 22 of 26
Answer Stats
Title Date Event Wrestler % Correct
Continental Dec 27 Worlds End Jon Moxley
100%
Tag Team Nov 22 Full Gear Cash Wheeler
92%
Tag Team Nov 22 Full Gear Dax Harwood
92%
International Jul 12 All In: Texas Kazuchika Okada
92%
Unified Jul 12 All In: Texas Kazuchika Okada
92%
International Mar 9 Revolution Kenny Omega
92%
World Dec 27 Worlds End MJF
92%
National Nov 22 Full Gear Ricochet
92%
Trios Apr 16 Dynamite: Spring BreakThru Samoa Joe
92%
Women's Tag Team Dec 10 Dynamite: Winter is Coming Willow Nightingale
92%
TNT Apr 6 Dynasty Adam Cole
85%
TNT Jul 12 All In: Texas Dustin Rhodes
85%
World Jul 12 All In: Texas Hangman Page
85%
Women's Tag Team Dec 10 Dynamite: Winter is Coming Harley Cameron
85%
Trios Apr 16 Dynamite: Spring BreakThru Katsuyori Shibata
85%
Trios Apr 16 Dynamite: Spring BreakThru Powerhouse Hobbs
85%
World Nov 22 Full Gear Samoa Joe
85%
Women's World Feb 15 Grand Slam Australia Toni Storm
85%
TBS Dec 31 Dynamite: New Year's Smash Willow Nightingale
85%
Tag Team Aug 24 Forbidden Door Bandido
77%
Tag Team Aug 24 Forbidden Door Brody King
77%
TNT Jul 31 Collision Kyle Fletcher
77%
TNT Nov 22 Full Gear Mark Briscoe
77%
Women's World Sep 20 All Out Kris Statlander
69%
Tag Team Jan 22 Dynamite Bobby Lashley
54%
Tag Team Jan 22 Dynamite Shelton Benjamin
54%
No matching quizzes found
Score Distribution
Percent of People with Each Score
Percentile by Number Answered
Your Score History
You have not taken this quiz